Estudio económico y memoria de labores 1996
Պահպանված է:
| Համատեղ հեղինակ: | |
|---|---|
| Ձևաչափ: | Տեքստ |
| Հրապարակվել է: |
Guatemala:
Banco de Guatemala
|
| Ցուցիչներ: |
Ավելացրեք ցուցիչ
Չկան պիտակներ, Եղեք առաջինը, ով նշում է այս գրառումը!
|
MARC
| LEADER | 00000 a a2200000 04500 | ||
|---|---|---|---|
| 001 | 22784 | ||
| 003 | |||
| 040 | |||
| 090 | |a 156500 | ||
| 110 | |a Banco de Guatemala | ||
| 245 | |a Estudio económico y memoria de labores 1996 | ||
| 260 | |a Guatemala: |b Banco de Guatemala | ||
| 300 | |a 201 p. |b **no definido** |b fonodiscos | ||
| 999 | |c 13429 |d 13429 | ||
